000 00970nam a2200277Ia 4500
003 OSt
005 20221005105805.0
006 a|||||r|||| 00| 0
007 ta
008 221004b |||||||| |||| 00| 0 hin d
020 _a8171380883 (hbk)
_cIndian Rupees 150
024 _a38837
037 _bGift, 27/08/2018,
_cTextual
040 _aCRL
_cCRL
_bhin
041 _2hin
_ahin
082 _aO152,3N52x, P5
100 _aमधुसूदन आनन्द, ले.
245 0 _aथोड़ा सा उजाला
246 _aThoड़ā sā ujālā
260 _aनई दिल्ली
_bसामयिक प्रकाशन भारत
_c2005
300 _a144पृ0
_ccm.
650 _a हिन्दी साहित्य
650 _aहिन्दी कहानी
942 _hO152,3N52x, P5
_cTEXL
_2cc
999 _c1016913
_d1016913